Loading...
| Fine Arts - Painting and Sculpture | 0 | 3 | 0 | 0 | 30 | 63 | 93.67 | 0 | 2 | 0.00 | 0.00 |
| Current Events | 0 | 3 | 0 | 1 | 30 | 32 | 78.33 | 0 | 1 | 0.00 | 0.00 |
| History - American | 0 | 2 | 0 | 0 | 20 | 74 | 77.50 | 0 | 0 | 31.96 | 56.33 |
| Social Science | 0 | 2 | 0 | 1 | 20 | 44 | 77.00 | 0 | 1 | 1.94 | 11.11 |
| Geography | 0 | 2 | 0 | 0 | 20 | 33 | 61.50 | 1 | 2 | 0.00 | 0.00 |
| Literature - European | 0 | 2 | 0 | 1 | 20 | 141 | 145.00 | 0 | 0 | 21.05 | 42.21 |
| Religion | 0 | 2 | 0 | 2 | 20 | 108 | 116.50 | 0 | 0 | 12.72 | 31.66 |
| History - European | 0 | 1 | 0 | 1 | 10 | 117 | 117.00 | 0 | 0 | 38.67 | 50.00 |
| Literature - World | 0 | 1 | 0 | 0 | 10 | 140 | 140.00 | 0 | 0 | 12.83 | 24.35 |
| Other Academic | 0 | 1 | 0 | 1 | 10 | 117 | 117.00 | 0 | 0 | 0.00 | 0.00 |
| Philosophy | 0 | 1 | 0 | 1 | 10 | 115 | 115.00 | 0 | 0 | 5.11 | 8.93 |
| History - World | 0 | 1 | 0 | 0 | 10 | 63 | 63.00 | 0 | 1 | 3.57 | 3.41 |
| Literature - American | 0 | 0 | 0 | 0 | 0 | 0.00 | 0 | 0 | 32.84 | 55.84 |